000 01138cam a2200241 4500
001 ABS68839
008 050321n2005 000 0 eng u
035 _a(Sirsi) u129118
100 _aHull, M.
245 _aAt last, tenants get the breaks
260 _c2005
490 _aEstates Gazette
_v(0509) 5 March 2005, 186(1)
520 _aDiscusses the key findings of "Monitoring the 2002 code of practice for commercial leases : final report" (J128921). Lease terms for commercial lettings have continued to become more flexible, the main areas being lease terms, tenant break options, rent reviews and repairs. Concludes that the UK leasing system has changed dramatically over the last 15 years and landlords and tenants can look at alternative lease structures to find something better suited to their needs.
590 _aKA
650 _aCODE FOR LEASING BUSINESS PREMISES IN ENGLAND AND WALES
650 _aRENT REVIEWS
650 _aBUSINESS TENANCIES
650 _aUPWARD ONLY RENT REVIEWS
650 _aCOMMERCIAL LEASES
650 _aLEASE TERMS
690 _aLANDLORD AND TENANT-BUSINESS TENANCIES
942 _n0
999 _c74957
_d74957